| 000 | 01185nam a2200229Ia 4500 | ||
|---|---|---|---|
| 999 |
_c56177 _d56177 |
||
| 001 | 23278 | ||
| 003 | GE_BSU | ||
| 005 | 20251117181138.0 | ||
| 008 | 181216s1971||||ge |||||||||||||| ||geo|| | ||
| 040 | _cGE_BSU | ||
| 041 | _ageo | ||
| 080 | _a94(5)(075.8) + 94(6)(075.8) დ-74 | ||
| 100 |
_aდონაძე, ვარლამ _910224 |
||
| 245 |
_aაზიისა და აფრიკის ქვეყნების ახალი ისტორია. ნაწ. 1 : _bსახელმძღვ. ისტორიის სპეციალობათა სტუდენტებისათვის / _cვარლამ დონაძე. |
||
| 250 | _aმე-2 შევსებული და გადამუშავებული გამოცემა | ||
| 264 |
_aთბილისი : _bგანათლება, _c1971. |
||
| 300 |
_a402 გვ. ; _c22 სმ. |
||
| 541 | _h1ლ. 52თ. | ||
| 653 | _aაზიის ქვეყნების ისტორია | ||
| 653 | _aაზიისა და აფრიკის ქვეყნების ახალი ისტორია. ნაწ. 1 | ||
| 942 |
_cBK _2udc |
||